[Event "CZE-chT1E 2223"]
[Site "Czech Republic"]
[Date "2023.02.25"]
[Round "8.2"]
[White "Bulava, Petr"]
[Black "Chytilek, Roman"]
[Result "1/2-1/2"]
[WhiteElo "2046"]
[BlackElo "2303"]
[PlyCount "113"]
[EventDate "2022.10.08"]
[EventType "team-tourn"]
[EventRounds "11"]
[EventCountry "CZE"]
[SourceTitle "CBM 213 Extra"]
[Source "ChessBase"]
[SourceDate "2023.05.31"]
[SourceVersion "1"]
[SourceVersionDate "2023.05.31"]
[SourceQuality "1"]
[WhiteTeam "Poruba Slavoj II"]
[BlackTeam "Brno Duras"]
[WhiteTeamCountry "CZE"]
[BlackTeamCountry "CZE"]

1. d4 Nf6 2. c4 c5 3. Nf3 cxd4 4. Nxd4 Nc6 5. Nc3 e6 6. a3 Bc5 7. e3 0-0 8. Be2 Ne5 9. 0-0 d5 10. b4 Bb6 11. c5 Bc7 12. f4 Ng6 13. Bb2 a6 14. Nf3 Re8 15. Qd2 e5 16. g3 b6 17. Rad1 Bb7 18. fxe5 Nxe5 19. Na4 Ne4 20. Qd4 Nxf3+ 21. Bxf3 Be5 22. Qd3 Bxb2 23. Bxe4 Rxe4 24. Qxe4 dxe4 25. Rxd8+ Rxd8 26. Nxb2 bxc5 27. bxc5 Bc6 28. Rd1 Rxd1+ 29. Nxd1 Kf8 30. Kf2 Ke7 31. Ke2 Ke6 32. Nc3 h5 33. Kd2 g5 34. Kc2 f5 35. Kb3 Ke5 36. Kc4 f4 37. gxf4+ gxf4 38. exf4+ Kxf4 39. Ne2+ Ke5 40. Nc3 h4 41. a4 Bd7 42. a5 Be6+ 43. Kb4 e3 44. c6 Kd6 45. c7 h3 46. c8Q Bxc8 47. Kc4 Bg4 48. Kd3 e2 49. Kd2 Kc5 50. Ne4+ Kb4 51. Nf2 Bf5 52. Kxe2 Kxa5 53. Kd2 Kb4 54. Nxh3 Bxh3 55. Kc2 Ka3 56. Kb1 Kb3 57. Ka1 1/2-1/2

[Event "CZE-chT2F 2122"]
[Site "Czech Republic"]
[Date "2022.02.27"]
[Round "9.2"]
[White "Bulava, Petr"]
[Black "Hrabal, Matej"]
[Result "1-0"]
[WhiteElo "2046"]
[BlackElo "1977"]
[PlyCount "71"]
[EventDate "2021.10.17"]
[EventType "team-tourn"]
[EventRounds "11"]
[EventCountry "CZE"]
[SourceTitle "EXT 2024"]
[Source "ChessBase"]
[SourceDate "2023.10.10"]
[SourceVersion "1"]
[SourceVersionDate "2023.10.10"]
[SourceQuality "1"]
[WhiteTeam "Havirov Banik"]
[BlackTeam "Prostejov"]
[WhiteTeamCountry "CZE"]
[BlackTeamCountry "CZE"]

1. Nf3 d5 2. g3 c6 3. Bg2 Bg4 4. 0-0 e6 5. d3 Bd6 6. Nbd2 Nd7 7. e4 Qc7 8. Re1 0-0-0 9. c3 h5 10. Qa4 Kb8 11. h3 Bxf3 12. Nxf3 dxe4 13. dxe4 f6 14. b4 g5 15. Be3 Nb6 16. Qb3 e5 17. a4 Nc8 18. Reb1 Rh7 19. Nd2 Nh6 20. b5 c5 21. a5 Qf7 22. Nc4 Bf8 23. Rd1 Rxd1+ 24. Rxd1 b6 25. Rd5 Qe8 26. Bf1 Rd7 27. Qd1 Rxd5 28. Qxd5 Kc7 29. a6 Qd7 30. Qb7+ Kd8 31. Nxe5 fxe5 32. Bxg5+ Ke8 33. Be2 Qxh3 34. Qc6+ Kf7 35. Bc4+ Kg7 36. Qxh6# 1-0

[Event "CZE-chT2F 2122"]
[Site "Czech Republic"]
[Date "2021.11.07"]
[Round "2.2"]
[White "Bulava, Petr"]
[Black "Neumann, Filip"]
[Result "1/2-1/2"]
[WhiteElo "2046"]
[BlackElo "2105"]
[PlyCount "57"]
[EventDate "2021.10.17"]
[EventType "team-tourn"]
[EventRounds "11"]
[EventCountry "CZE"]
[SourceTitle "EXT 2024"]
[Source "ChessBase"]
[SourceDate "2023.10.10"]
[SourceVersion "1"]
[SourceVersionDate "2023.10.10"]
[SourceQuality "1"]
[WhiteTeam "Havirov Banik"]
[BlackTeam "Ostrava"]
[WhiteTeamCountry "CZE"]
[BlackTeamCountry "CZE"]

1. Nf3 d5 2. g3 Nf6 3. Bg2 e6 4. 0-0 Nbd7 5. d3 Be7 6. Nbd2 b6 7. e4 dxe4 8. dxe4 Ba6 9. c4 Ng4 10. Qa4 Bb7 11. h3 Ngf6 12. e5 Ne4 13. Nxe4 Bxe4 14. Rd1 c5 15. Ng5 Bxg2 16. Kxg2 Bxg5 17. Bxg5 Qc7 18. Rd6 Qb7+ 19. f3 Rc8 20. Rad1 Rc7 21. Qc2 h6 22. Rxe6+ fxe6 23. Qg6+ Kf8 24. Be7+ Kxe7 25. Qxg7+ Ke8 26. Rxd7 Rxd7 27. Qxh8+ Ke7 28. Qf6+ Ke8 29. Qh8+ 1/2-1/2

[Event "Tatranska Lomnica Tatry op"]
[Site "Tatranska Lomnica"]
[Date "2021.10.09"]
[Round "9"]
[White "Bulava, Petr"]
[Black "Karlik, Vladimir"]
[Result "1/2-1/2"]
[WhiteElo "2029"]
[BlackElo "2156"]
[PlyCount "62"]
[EventDate "2021.10.02"]
[EventType "swiss"]
[EventRounds "9"]
[EventCountry "SVK"]
[SourceTitle "EXT 2023"]
[Source "ChessBase"]
[SourceDate "2022.10.05"]
[SourceVersion "1"]
[SourceVersionDate "2022.10.05"]
[SourceQuality "1"]

1. d4 Nf6 2. c4 d6 3. Nc3 g6 4. e4 Bg7 5. f3 0-0 6. Be3 b6 7. Qd2 c5 8. d5 e6 9. dxe6 Bxe6 10. 0-0-0 Nc6 11. Bh6 Bxh6 12. Qxh6 a6 13. h4 b5 14. Nh3 Bxh3 15. Rxh3 b4 16. Ne2 Ne5 17. h5 Ra7 18. Ng3 Kh8 19. Be2 Rg8 20. Qf4 Qe7 21. hxg6 fxg6 22. Qd2 Rd7 23. f4 Nc6 24. f5 g5 25. Rdh1 Qe5 26. Bd3 Nd4 27. Nh5 Nc6 28. Nxf6 Qxf6 29. Rh6 Qd4 30. Bc2 Qxd2+ 31. Kxd2 Ne5 1/2-1/2

[Event "Tatranska Lomnica Tatry op"]
[Site "Tatranska Lomnica"]
[Date "2021.10.03"]
[Round "2"]
[White "Bulava, Petr"]
[Black "Sobek, Jaroslav"]
[Result "0-1"]
[WhiteElo "2029"]
[BlackElo "2192"]
[PlyCount "108"]
[EventDate "2021.10.02"]
[EventType "swiss"]
[EventRounds "9"]
[EventCountry "SVK"]
[SourceTitle "EXT 2023"]
[Source "ChessBase"]
[SourceDate "2022.10.05"]
[SourceVersion "1"]
[SourceVersionDate "2022.10.05"]
[SourceQuality "1"]

1. d4 d5 2. c4 e6 3. Nc3 Bb4 4. Nf3 Nf6 5. e3 0-0 6. Bd3 dxc4 7. Bxc4 c5 8. a3 Bxc3+ 9. bxc3 Qc7 10. Ba2 Nbd7 11. 0-0 b6 12. Bb2 Bb7 13. c4 cxd4 14. exd4 Qf4 15. Qd2 Qxd2 16. Nxd2 Rfd8 17. Rfe1 Nc5 18. d5 exd5 19. Bxf6 gxf6 20. cxd5 Bxd5 21. Bxd5 Rxd5 22. Nc4 Rad8 23. h3 Kg7 24. Re7 R8d7 25. Re8 Rd8 26. Rae1 Rxe8 27. Rxe8 b5 28. Ne3 Re5 29. Ra8 a6 30. g4 h5 31. Nf5+ Kh7 32. Rf8 hxg4 33. hxg4 Ne6 34. Rxf7+ Kg6 35. Ra7 Kg5 36. Rxa6 Kxg4 37. Ne3+ Kf3 38. Rd6 f5 39. Rd5 Rxd5 40. Nxd5 Nd4 41. Nc7 Ke2 42. Kg2 f4 43. Nd5 f3+ 44. Kg3 Nf5+ 45. Kf4 Nd6 46. Kg3 Ne4+ 47. Kf4 Nd2 48. Kg3 Nf1+ 49. Kg4 Kxf2 50. Nc3 Nd2 51. Nxb5 Ke1 52. Nd4 f2 53. Nc2+ Ke2 54. Nd4+ Kd3 0-1

[Event "Bohumin op 4th"]
[Site "Bohumin"]
[Date "2021.07.04"]
[Round "2"]
[White "Bulava, Petr"]
[Black "Slovak, Kilian"]
[Result "0-1"]
[WhiteElo "2040"]
[BlackElo "2216"]
[PlyCount "104"]
[EventDate "2021.07.03"]
[EventType "swiss"]
[EventRounds "9"]
[EventCountry "CZE"]
[SourceTitle "CBM 203 Extra"]
[Source "ChessBase"]
[SourceDate "2021.09.30"]
[SourceVersion "1"]
[SourceVersionDate "2021.09.30"]
[SourceQuality "1"]

1. Nf3 Nf6 2. g3 g6 3. Bg2 Bg7 4. 0-0 0-0 5. d3 d6 6. e4 c5 7. Nbd2 Nc6 8. Re1 e5 9. Nf1 d5 10. exd5 Nxd5 11. Ne3 Be6 12. h4 h6 13. Nxd5 Bxd5 14. Be3 Qd6 15. Qd2 Kh7 16. h5 gxh5 17. Nh4 f5 18. f4 Bxg2 19. Qxg2 Rae8 20. Rad1 exf4 21. Bxf4 Qd7 22. Qf3 Qf7 23. Bd6 Nd4 24. Qg2 Rg8 25. c3 Bf6 26. Rxe8 Qxe8 27. cxd4 Bxh4 28. Qxb7+ Rg7 29. Qf3 cxd4 30. Qxf5+ Qg6 31. Qe4 Bxg3 32. Bxg3 h4 33. Qxh4 Qxg3+ 34. Qxg3 Rxg3+ 35. Kf2 Rh3 36. Kg2 Re3 37. Kf2 Kg6 38. Rg1+ Kf5 39. Rg7 Rxd3 40. Ke2 Re3+ 41. Kd2 a5 42. Ra7 Rh3 43. Rxa5+ Ke4 44. Ra8 Rh2+ 45. Kd1 Ke3 46. Re8+ Kd3 47. Re1 Rxb2 48. Kc1 Rxa2 49. Kb1 Rh2 50. Kc1 Kc3 51. Rg1 d3 52. Kd1 Ra2 0-1

[Event "CZE-chT2F 1920"]
[Site "Czech Republic"]
[Date "2019.10.13"]
[Round "1.6"]
[White "Bulava, Petr"]
[Black "Kanok, Jaroslav"]
[Result "0-1"]
[WhiteElo "2025"]
[BlackElo "2131"]
[PlyCount "68"]
[EventDate "2019.10.13"]
[EventType "team-tourn"]
[EventRounds "11"]
[EventCountry "CZE"]
[SourceTitle "EXT 2024"]
[Source "ChessBase"]
[SourceDate "2023.10.10"]
[SourceVersion "1"]
[SourceVersionDate "2023.10.10"]
[SourceQuality "1"]
[WhiteTeam "Havirov Banik"]
[BlackTeam "Ostrava Labortech II"]
[WhiteTeamCountry "CZE"]
[BlackTeamCountry "CZE"]

1. e4 e6 2. d4 d5 3. Nc3 Nf6 4. Bg5 Be7 5. e5 Ne4 6. Bxe7 Qxe7 7. Nxe4 dxe4 8. Qd2 c5 9. c3 Bd7 10. g3 Bc6 11. Bg2 Nd7 12. Nh3 0-0-0 13. Qe3 f5 14. 0-0 cxd4 15. cxd4 Nb6 16. Rac1 Kb8 17. Rc5 Rd7 18. b4 Rhd8 19. b5 Rxd4 20. Rfc1 Rd1+ 21. Bf1 Rxc1 22. Rxc1 Bd5 23. a3 h6 24. Nf4 g5 25. Nxd5 exd5 26. a4 d4 27. Qb3 Qxe5 28. a5 Nc8 29. b6 Qxa5 30. bxa7+ Qxa7 31. Qe6 Qa5 32. Bc4 d3 33. Bd5 Qxd5 34. Rxc8+ Ka7 0-1

[Event "CZE-chT2F 1819"]
[Site "Czech Republic"]
[Date "2019.02.24"]
[Round "9.4"]
[White "Bulava, Petr"]
[Black "Mica, Marek"]
[Result "0-1"]
[WhiteElo "2037"]
[BlackElo "2248"]
[PlyCount "97"]
[EventDate "2018.10.14"]
[EventType "team-tourn"]
[EventRounds "11"]
[EventCountry "CZE"]
[SourceTitle "EXT 2022"]
[Source "ChessBase"]
[SourceDate "2021.10.06"]
[SourceVersion "1"]
[SourceVersionDate "2021.10.06"]
[SourceQuality "1"]
[WhiteTeam "Havirov Banik"]
[BlackTeam "Frydek Mistek III"]
[WhiteTeamCountry "CZE"]
[BlackTeamCountry "CZE"]

1. Nf3 Nf6 2. c4 e6 3. d4 Bb4+ 4. Bd2 c5 5. e3 0-0 6. Nc3 cxd4 7. exd4 d5 8. c5 b6 9. a3 Bxc3 10. Bxc3 Ne4 11. Qc2 bxc5 12. dxc5 Qc7 13. Bd3 Nxc3 14. Bxh7+ Kh8 15. bxc3 g6 16. Bxg6 fxg6 17. Qxg6 Qh7 18. Qg3 Nd7 19. 0-0 Rg8 20. Ng5 Qh5 21. h3 Qg6 22. Rfe1 Nf6 23. Re3 Rg7 24. Rd1 Nh7 25. Re5 Qh5 26. Rd4 Rb8 27. Re1 Nxg5 28. Qxb8 Nf3+ 29. Kf1 Rg8 30. Qd6 Nxe1 31. Kxe1 Rxg2 32. Qf8+ Rg8 33. Qf6+ Kh7 34. Kd2 Qh6+ 35. Qxh6+ Kxh6 36. c6 Ba6 37. Ra4 Bb5 38. Rxa7 Bxc6 39. Rc7 Bb5 40. Rb7 Bc4 41. Re7 Ra8 42. Rxe6+ Kh5 43. Rf6 Kh4 44. Ke3 Rxa3 45. Kd4 Ra2 46. Kc5 Rd2 47. f3 Kg3 48. f4 Rf2 49. f5 0-1

[Event "CZE-chT2F 1819"]
[Site "Czech Republic"]
[Date "2019.01.27"]
[Round "7.5"]
[White "Chrostek, Lukas"]
[Black "Bulava, Petr"]
[Result "1/2-1/2"]
[WhiteElo "1899"]
[BlackElo "2026"]
[PlyCount "107"]
[EventDate "2018.10.14"]
[EventType "team-tourn"]
[EventRounds "11"]
[EventCountry "CZE"]
[SourceTitle "EXT 2022"]
[Source "ChessBase"]
[SourceDate "2021.10.06"]
[SourceVersion "1"]
[SourceVersionDate "2021.10.06"]
[SourceQuality "1"]
[WhiteTeam "Poruba Slavoj III"]
[BlackTeam "Havirov Banik"]
[WhiteTeamCountry "CZE"]
[BlackTeamCountry "CZE"]

1. c4 c5 2. g3 g6 3. Bg2 Nc6 4. Nf3 Bg7 5. 0-0 e5 6. d3 Nge7 7. Nc3 0-0 8. Bd2 Rb8 9. a4 d5 10. Nxd5 Nxd5 11. cxd5 Qxd5 12. Bc3 Qd7 13. Rc1 b6 14. Qd2 a5 15. Rfd1 Nd4 16. Bxd4 exd4 17. b3 Qe7 18. Re1 Re8 19. Qc2 Bh6 20. Nd2 Be6 21. Rb1 Bxd2 22. Qxd2 f5 23. Bc6 Rf8 24. e3 Qd6 25. Bb5 Bd5 26. Bc4 Kg7 27. exd4 cxd4 28. f4 Ba8 29. Re6 Qd7 30. Rbe1 Rfe8 31. Qe2 Rxe6 32. Qxe6 Qc6 33. Qxc6 Bxc6 34. Re7+ Kh6 35. Re6 b5 36. Rxc6 bxc4 37. Rxc4 Rxb3 38. Rxd4 Rb2 39. Rd5 Kh5 40. h3 Rd2 41. g4+ Kh4 42. gxf5 Kg3 43. Kf1 gxf5 44. Rxf5 Rxd3 45. Rxa5 Rf3+ 46. Ke2 Rxf4 47. Ra7 h5 48. a5 Ra4 49. a6 Kxh3 50. Kf3 h4 51. Ra8 Kh2 52. a7 h3 53. Kf2 Rf4+ 54. Ke3 1/2-1/2

[Event "CZE-chT2F 1819"]
[Site "Czech Republic"]
[Date "2018.11.04"]
[Round "2.6"]
[White "Didi, Jan"]
[Black "Bulava, Petr"]
[Result "1/2-1/2"]
[WhiteElo "2015"]
[BlackElo "2016"]
[PlyCount "61"]
[EventDate "2018.10.14"]
[EventType "team-tourn"]
[EventRounds "11"]
[EventCountry "CZE"]
[SourceTitle "EXT 2022"]
[Source "ChessBase"]
[SourceDate "2021.10.06"]
[SourceVersion "1"]
[SourceVersionDate "2021.10.06"]
[SourceQuality "1"]
[WhiteTeam "Ostrava Labortech II"]
[BlackTeam "Havirov Banik"]
[WhiteTeamCountry "CZE"]
[BlackTeamCountry "CZE"]

1. e4 c5 2. Nf3 g6 3. d4 cxd4 4. Nxd4 Nc6 5. Nc3 Bg7 6. Be3 Nf6 7. Be2 0-0 8. 0-0 a6 9. a4 d6 10. Qd2 Ng4 11. Bxg4 Bxg4 12. f4 Nxd4 13. Bxd4 Bd7 14. Nd5 Bc6 15. Bxg7 Kxg7 16. Qd4+ f6 17. f5 Bxd5 18. exd5 Qc7 19. Rae1 Rf7 20. c4 Rc8 21. b3 Qc5 22. Re4 b6 23. Rf3 g5 24. Kf1 Qxd4 25. Rxd4 Rff8 26. Ke2 h5 27. Re4 Kf7 28. Rfe3 Rc7 29. Kd3 Rb8 30. Rh3 Rh8 31. Rhe3 1/2-1/2

[Event "CZE-chT2F 1718"]
[Site "Czech Republic"]
[Date "2017.12.17"]
[Round "5.6"]
[White "Bulava, Petr"]
[Black "Cech, Tomas"]
[Result "0-1"]
[WhiteElo "2011"]
[BlackElo "2149"]
[PlyCount "97"]
[EventDate "2017.10.15"]
[EventType "team-tourn"]
[EventRounds "11"]
[EventCountry "CZE"]
[SourceTitle "EXT 2022"]
[Source "ChessBase"]
[SourceDate "2021.10.06"]
[SourceVersion "1"]
[SourceVersionDate "2021.10.06"]
[SourceQuality "1"]
[WhiteTeam "Havirov Banik"]
[BlackTeam "Dobra"]
[WhiteTeamCountry "CZE"]
[BlackTeamCountry "CZE"]

1. d4 d6 2. e4 Nf6 3. Nc3 g6 4. Be3 Bg7 5. Qd2 c6 6. Bh6 Bxh6 7. Qxh6 Qa5 8. f3 b5 9. Qg5 Nbd7 10. Be2 e5 11. d5 h6 12. Qd2 cxd5 13. Rd1 d4 14. Nxb5 Qxd2+ 15. Rxd2 Ke7 16. c4 a5 17. Nh3 Nc5 18. Nf2 Bd7 19. Nc7 Rab8 20. Nd3 Nxd3+ 21. Bxd3 Rhc8 22. Nd5+ Nxd5 23. exd5 f5 24. 0-0 Rb4 25. b3 Rcb8 26. Rb1 a4 27. Bc2 R4b6 28. Re1 Kf6 29. f4 exf4 30. Rxd4 g5 31. Rd2 Re8 32. Rxe8 Bxe8 33. Re2 Bd7 34. Kf2 axb3 35. axb3 h5 36. Ke1 h4 37. Kd2 g4 38. Kc3 g3 39. hxg3 fxg3 40. b4 f4 41. c5 Rb8 42. c6 f3 43. Re1 f2 44. Rd1 h3 45. Be4 Bg4 46. Rh1 Be2 47. gxh3 f1Q 48. Rxf1+ Bxf1 49. b5 0-1

[Event "CZE-chT2F 1718"]
[Site "Czech Republic"]
[Date "2017.11.05"]
[Round "2.7"]
[White "Bulava, Petr"]
[Black "Prenosil, Jiri"]
[Result "1/2-1/2"]
[WhiteElo "2011"]
[BlackElo "2017"]
[PlyCount "93"]
[EventDate "2017.10.15"]
[EventType "team-tourn"]
[EventRounds "11"]
[EventCountry "CZE"]
[SourceTitle "EXT 2022"]
[Source "ChessBase"]
[SourceDate "2021.10.06"]
[SourceVersion "1"]
[SourceVersionDate "2021.10.06"]
[SourceQuality "1"]
[WhiteTeam "Havirov Banik"]
[BlackTeam "Olomouc ASK"]
[WhiteTeamCountry "CZE"]
[BlackTeamCountry "CZE"]

1. e4 g6 2. d4 Bg7 3. Be3 d6 4. Nc3 Nd7 5. Qd2 a6 6. Nge2 b5 7. f4 Nb6 8. Ng3 Bd7 9. Be2 e6 10. 0-0 Ne7 11. f5 exf5 12. exf5 Bxf5 13. Nxf5 Nxf5 14. Rxf5 gxf5 15. Bg5 Bf6 16. Bh6 Qd7 17. Bg5 Qe7 18. Bh6 Rg8 19. Re1 Kd8 20. Bxb5 Bxd4+ 21. Kh1 Be5 22. Nd5 Nxd5 23. Qxd5 Rb8 24. Bd3 Qe6 25. Qxe6 fxe6 26. b3 Rg6 27. Bd2 Ra8 28. a4 Kd7 29. c4 Bd4 30. b4 c6 31. a5 Rg4 32. b5 cxb5 33. cxb5 axb5 34. Bxb5+ Ke7 35. Bc6 Ra7 36. Bf3 Rg7 37. Rb1 d5 38. h4 Kd6 39. Bh6 Rgb7 40. Bf8+ Kd7 41. Rd1 Be5 42. g4 Rxa5 43. gxf5 Ra1 44. fxe6+ Ke8 45. Rxa1 Bxa1 46. e7 Rxe7 47. Bxe7 1/2-1/2

[Event "CZE-chT1E 1617"]
[Site "Czech Republic"]
[Date "2017.02.05"]
[Round "7.5"]
[White "Hladik, Oto"]
[Black "Bulava, Petr"]
[Result "1-0"]
[WhiteElo "2188"]
[BlackElo "2098"]
[PlyCount "49"]
[EventDate "2016.10.16"]
[EventType "team-tourn"]
[EventRounds "11"]
[EventCountry "CZE"]
[SourceTitle "CBM 177 Extra"]
[Source "ChessBase"]
[SourceDate "2017.04.27"]
[SourceVersion "1"]
[SourceVersionDate "2017.04.27"]
[SourceQuality "1"]
[WhiteTeam "Ostrava"]
[BlackTeam "Havirov Banik"]
[WhiteTeamCountry "CZE"]
[BlackTeamCountry "CZE"]

1. e4 c5 2. Nf3 g6 3. Bc4 Bg7 4. 0-0 Nc6 5. c3 e6 6. Qe2 Nge7 7. d3 d5 8. Bb3 0-0 9. Bg5 Qc7 10. a4 b6 11. Na3 Ba6 12. Nb5 Qd7 13. Rfd1 Rfe8 14. h3 Na5 15. Bc2 Nec6 16. Nh2 h6 17. Bf4 e5 18. Bd2 Rac8 19. Qf3 dxe4 20. dxe4 Qe6 21. Ng4 h5 22. Nh6+ Bxh6 23. Bxh6 Nb7 24. Bb3 Nd4 25. Nxd4 1-0

[Event "CZE-chT2F 1516"]
[Site "Czech Republic"]
[Date "2015.10.18"]
[Round "1.15"]
[White "Gemsa, Pavel"]
[Black "Bulava, Petr"]
[Result "0-1"]
[WhiteElo "1915"]
[BlackElo "2101"]
[PlyCount "60"]
[EventDate "2015.10.18"]
[EventType "team-tourn"]
[EventRounds "11"]
[EventCountry "CZE"]
[SourceTitle "EXT 2022"]
[Source "ChessBase"]
[SourceDate "2021.10.06"]
[SourceVersion "1"]
[SourceVersionDate "2021.10.06"]
[SourceQuality "1"]
[WhiteTeam "Benesov Dolni"]
[BlackTeam "Havirov Banik"]
[WhiteTeamCountry "CZE"]
[BlackTeamCountry "CZE"]

1. e4 c5 2. Nc3 g6 3. f4 Bg7 4. Nf3 Nc6 5. a4 e6 6. Bc4 Nge7 7. d3 d5 8. Bb3 0-0 9. 0-0 Nd4 10. Nxd4 Bxd4+ 11. Kh1 c4 12. Ba2 Bd7 13. Ne2 Bb6 14. f5 exf5 15. exd5 Nxd5 16. dxc4 Ne3 17. Bxe3 Bxe3 18. Qd3 Re8 19. Nc3 Bc6 20. Nd5 Qg5 21. Qc3 Re6 22. b4 Rc8 23. Qd3 Re4 24. Rae1 Rce8 25. b5 Bxd5 26. Qxd5 Rh4 27. Rf3 Rxh2+ 28. Kxh2 Qh4+ 29. Rh3 Qxe1 30. Qf3 Bg1+ 0-1

[Event "CZE-chT2F 1415"]
[Site "Czech Republic"]
[Date "2015.02.22"]
[Round "8.37"]
[White "Szotkowski, Bohuslav"]
[Black "Bulava, Petr"]
[Result "0-1"]
[WhiteElo "1852"]
[BlackElo "2049"]
[PlyCount "120"]
[EventDate "2014.11.02"]
[EventType "team-tourn"]
[EventRounds "11"]
[EventCountry "CZE"]
[SourceTitle "EXT 2022"]
[Source "ChessBase"]
[SourceDate "2021.10.06"]
[SourceVersion "1"]
[SourceVersionDate "2021.10.06"]
[SourceQuality "1"]
[WhiteTeam "Mosty u Jablunkova"]
[BlackTeam "Havirov Banik"]
[WhiteTeamCountry "CZE"]
[BlackTeamCountry "CZE"]

1. c4 Nf6 2. d4 g6 3. g3 d5 4. Nc3 Bg7 5. Bg2 dxc4 6. Qa4+ c6 7. Qxc4 Be6 8. Qd3 0-0 9. Nf3 Na6 10. 0-0 Bf5 11. Qc4 Ne4 12. Nxe4 Bxe4 13. e3 Rc8 14. Nd2 Bxg2 15. Kxg2 Qd5+ 16. Qxd5 cxd5 17. a3 Rc2 18. b4 Rfc8 19. Nb3 R8c3 20. Rb1 b6 21. Rd1 Nc7 22. Bd2 Rc4 23. a4 Ne8 24. Rdc1 Ra2 25. a5 Nd6 26. axb6 axb6 27. Be1 f5 28. Nd2 Rcc2 29. Rxc2 Rxc2 30. Kf1 e5 31. dxe5 Bxe5 32. Nf3 Bf6 33. Rd1 Kf7 34. Rxd5 Ke6 35. Rd2 Rxd2 36. Bxd2 Kd5 37. Ke2 Kc4 38. Ne1 Ne4 39. Nc2 Nxd2 40. Kxd2 Bc3+ 41. Ke2 Bxb4 42. f3 Bc5 43. g4 b5 44. gxf5 gxf5 45. e4 f4 46. Kd2 b4 47. Ne1 b3 48. Kc1 Bd4 49. Ng2 Be5 50. Kd2 Kb4 51. Kc1 Kc3 52. Ne1 h6 53. h3 h5 54. Kb1 Kd2 55. Ng2 Ke2 56. Nxf4+ Bxf4 57. Kb2 Kxf3 58. Kxb3 Kg3 59. Kc2 Kxh3 60. Kd1 Kg2 0-1

[Event "Karvina op"]
[Site "Karvina"]
[Date "2014.07.01"]
[Round "4"]
[White "Drozniak, Stanislaw"]
[Black "Bulava, Petr"]
[Result "1/2-1/2"]
[WhiteElo "1579"]
[BlackElo "2058"]
[PlyCount "51"]
[EventDate "2014.06.28"]
[EventType "swiss"]
[EventRounds "9"]
[EventCountry "CZE"]
[SourceTitle "CBM 161 Extra"]
[Source "ChessBase"]
[SourceDate "2014.08.29"]
[SourceVersion "1"]
[SourceVersionDate "2014.08.29"]
[SourceQuality "1"]

1. e4 c5 2. Nf3 g6 3. d4 cxd4 4. Nxd4 Bg7 5. c4 Nc6 6. Nc2 Nf6 7. Nc3 d6 8. Be2 0-0 9. 0-0 a6 10. Be3 Qc7 11. Rc1 Ne5 12. b3 Neg4 13. Bxg4 Nxg4 14. Nd5 Nxe3 15. Nxc7 Nxd1 16. Nxa8 Nc3 17. Kh1 Nxe4 18. Nb6 Be6 19. Nd5 Bxd5 20. cxd5 Bb2 21. Rce1 Rc8 22. Rxe4 Rxc2 23. Rxe7 Bd4 24. Rxb7 Rxa2 25. g3 a5 26. Kg2 1/2-1/2

[Event "Karvina op"]
[Site "Karvina"]
[Date "2014.06.30"]
[Round "3"]
[White "Bulava, Petr"]
[Black "Suchanek, Paulina"]
[Result "1/2-1/2"]
[WhiteElo "2058"]
[BlackElo "1305"]
[PlyCount "62"]
[EventDate "2014.06.28"]
[EventType "swiss"]
[EventRounds "9"]
[EventCountry "CZE"]
[SourceTitle "CBM 161 Extra"]
[Source "ChessBase"]
[SourceDate "2014.08.29"]
[SourceVersion "1"]
[SourceVersionDate "2014.08.29"]
[SourceQuality "1"]

1. e4 c5 2. Nc3 Nc6 3. f4 e6 4. Bb5 Nd4 5. Nf3 Nxb5 6. Nxb5 a6 7. Nc3 d5 8. e5 Ne7 9. 0-0 Nc6 10. Ne2 Be7 11. g4 f6 12. d4 Qb6 13. c3 g6 14. Ng3 Bd7 15. f5 fxe5 16. Nxe5 exf5 17. Nxd7 Kxd7 18. gxf5 cxd4 19. Qg4 dxc3+ 20. Kh1 Ne5 21. Qe2 Bf6 22. bxc3 Rae8 23. Be3 Qc6 24. Bd4 Rhf8 25. Rab1 Nc4 26. Qg4 Bxd4 27. fxg6+ Qe6 28. Rxb7+ Kc6 29. Qxe6+ Rxe6 30. Rxf8 Kxb7 31. cxd4 hxg6 1/2-1/2